| 000 | 00431nam a2200145Ia 4500 | ||
|---|---|---|---|
| 008 | 231129s1998||||xx |||||||||||||| ||spa|| | ||
| 020 | _a958-96261-1-4 | ||
| 040 | _bspa | ||
| 082 | _a363.11 T866t | ||
| 100 | _aTrujillo Mejía Raúl Felipe | ||
| 245 | 0 | _aTemas de seguridad industrial para especialistas | |
| 260 | _c1998 | ||
| 264 | _aMedellín Colombia: Indupress | ||
| 942 |
_2ddc _cBKS |
||
| 999 |
_c25162 _d25162 |
||